Revúca

Bibliographic Details
Main Author: Dubovský, Dušan (Author, Illustrator)
Other Authors: Ferdinandy, Pavol (Illustrator), Frák, Gustáv, 1913-2006 (Illustrator), Hotový, Věroslav, 1926- (Illustrator), Sekerka, Dušan (Illustrator), Zajačková, Anna (Illustrator), Andel, Ján (Illustrator)
Format: Book
Language:Slovak
PhysicalDescription:264 s., 64,05 AH 33 cm
Published: Košice S.l. Východoslovenské vydavateľstvo MsNV v Revúcej [vyd.] 1989
ISBN:8085174359
Edition:1. vyd.

MARC

LEADER 00000nam a2200000 a 4500
001 vtls001081392
003 SK-MaSNL
005 20260301000856.0
008 250414s1989 xo slo
015 |a SNBA1989/06 
020 |a 8085174359 
035 |a SNK000024230 
035 |a urn:nbn:sk:snk-amljc2 
035 |a urn:nbn:sk:snk-am00brfc 
035 |a 8BF35F33-3E3E-4811-AF35-C7D53BAA135B 
040 |a SNK  |b slo  |c SNK  |e AACR2 
041 0 |a slo 
044 |a xo  |c SK 
080 |a 943.767.7"1357/1989"  |2 1981 
100 1 |a Dubovský, Dušan  |4 aut  |9 278429 
245 1 0 |a Revúca  |c Dušan Dubovský ; Dušan Dubovský, Pavol Ferdinandy, Gustáv Frák, Věroslav Hotový, Dušan Sekerka, Anna Zajačková, Ján Andel 
250 |a 1. vyd. 
260 |a Košice  |b Východoslovenské vydavateľstvo  |a S.l.  |b MsNV v Revúcej [vyd.]  |c 1989  |e Martin  |f Tlačiarne SNP 
300 |a 264 s., 64,05 AH  |c 33 cm 
366 |e 7500 výtl. 
500 |a Lit. 23. Fot. na front. Res. rus., nem., angl. a maď. 23 zázn. v slov., češ. a maď. 
700 1 |a Dubovský, Dušan  |4 ill  |9 278429 
700 1 |a Ferdinandy, Pavol  |4 ill  |9 278430 
700 1 |a Frák, Gustáv,  |d 1913-2006  |4 ill  |9 103272 
700 1 |a Hotový, Věroslav,  |d 1926-  |4 ill  |9 61014 
700 1 |a Sekerka, Dušan  |4 ill  |9 278431 
700 1 |a Zajačková, Anna  |4 ill  |9 278432 
700 1 |a Andel, Ján  |4 ill  |9 278433 
852 |a Slovenská národná knižnica 
919 |a 80-85174-35-9 
958 |a OND 
958 |a NB 
958 |a TL 
958 |a EUIPO 
999 |c 533705  |d 535635 
952 |t P60, <04>, [BOOK], {604}  |a SNK  |b SNK  |y VYP  |7 0  |p 17A0027214  |o snkSB 44997 D1  |0 0  |1 0  |4 0  |d 1996-12-16  |l 0  |r 2004-12-31 00:00:00  |w 2026-02-23 
952 |a SNK  |b SNK  |y PREZ  |7 0  |p 17A0852501  |o snkSB 44997   |0 0  |1 0  |4 0  |d 2012-07-09  |f 1  |l 0  |r 2026-02-23 12:16:00  |w 2026-02-23